[Event "ROM-chT (Women)"]
[Site "Mamaia"]
[Date "2015.10.05"]
[Round "3.3"]
[White "Lolici, Iselin Amanda"]
[Black "Ilie, Maria Ruxandra"]
[Result "1/2-1/2"]
[WhiteElo "1932"]
[BlackElo "2024"]
[PlyCount "105"]
[EventDate "2015.10.03"]
[EventType "team-tourn"]
[EventRounds "9"]
[EventCountry "ROU"]
[SourceTitle "CBM 168 Extra"]
[Source "ChessBase"]
[SourceDate "2015.10.29"]
[SourceVersion "1"]
[SourceVersionDate "2015.10.29"]
[SourceQuality "1"]
[WhiteTeam "Lugoj CSM (W)"]
[BlackTeam "Bucharest Apa Nova (W)"]
[WhiteTeamCountry "ROU"]
[BlackTeamCountry "ROU"]

1. c4 Nf6 2. g3 e6 3. Bg2 d5 4. Nf3 dxc4 5. Qa4+ Nbd7 6. Qxc4 a6 7. 0-0 b5 8. Qc2 Bb7 9. d3 c5 10. b3 Be7 11. Bb2 Rc8 12. Nbd2 0-0 13. Rac1 Qb6 14. Qb1 Rfd8 15. d4 Qa7 16. Rfd1 Qa8 17. dxc5 Bxc5 18. b4 Bf8 19. a3 h6 20. Ne1 Bxg2 21. Nxg2 Nd5 22. Nb3 N7b6 23. e4 Nf6 24. Rxd8 Rxd8 25. Bxf6 gxf6 26. Ne3 Rc8 27. Nc5 Bxc5 28. Rxc5 Rxc5 29. bxc5 Nd7 30. Qb4 Qc6 31. Qd4 Nxc5 32. Qxf6 Nxe4 33. Qxh6 Qc1+ 34. Kg2 Qxa3 35. Qf4 Qb4 36. Ng4 f5 37. Ne5 Qd2 38. Qf3 Qc3 39. Qf4 b4 40. Nd7 Qc8 41. f3 Qxd7 42. fxe4 Qb7 43. Qg5+ Kf7 44. Qh5+ Kf6 45. Qh8+ Qg7 46. Qd8+ Qe7 47. Qd4+ Kf7 48. exf5 Qb7+ 49. Kh3 exf5 50. Qc4+ Ke8 51. Qg8+ Kd7 52. Qf7+ Kc6 53. Qc4+ 1/2-1/2

[Event "ROM-ch (Women)"]
[Site "Calimanesti"]
[Date "2015.04.23"]
[Round "6"]
[White "Sgircea, Silvia Raluca"]
[Black "Ilie, Maria Ruxandra"]
[Result "1-0"]
[WhiteElo "2294"]
[BlackElo "2020"]
[PlyCount "79"]
[EventDate "2015.04.18"]
[EventType "swiss"]
[EventRounds "9"]
[EventCountry "ROU"]
[SourceTitle "CBM 166 Extra"]
[Source "ChessBase"]
[SourceDate "2015.06.18"]
[SourceVersion "1"]
[SourceVersionDate "2015.06.18"]
[SourceQuality "1"]

1. Nf3 Nf6 2. c4 e6 3. g3 d5 4. Bg2 dxc4 5. Qa4+ c6 6. Qxc4 b5 7. Qc2 Bb7 8. 0-0 Nbd7 9. a4 a6 10. d4 c5 11. dxc5 Bxc5 12. Nfd2 Bxg2 13. Kxg2 0-0 14. Nc3 Qb6 15. Qb3 Qc6+ 16. f3 b4 17. Nce4 Be7 18. Nxf6+ Nxf6 19. Nc4 Rac8 20. Ne3 Rfd8 21. Rd1 Rxd1 22. Qxd1 Rd8 23. Qe1 Nd5 24. Kf1 Nxe3+ 25. Bxe3 Qc2 26. Qc1 Qb3 27. Bb6 Rf8 28. a5 Bf6 29. Rb1 h6 30. Kg2 Bg5 31. Qc5 Qa2 32. Qc2 Bf6 33. h4 Rb8 34. Qc1 Qb3 35. Qc7 Rd8 36. Qc1 Rd5 37. Qc8+ Kh7 38. Qxa6 Bxb2 39. Qc8 Qa2 40. Qc2+ 1-0

[Event "ROM-chT (Women)"]
[Site "Calimanesti"]
[Date "2014.11.11"]
[Round "4.4"]
[White "Dobre, Ana Margareta Alexa"]
[Black "Ilie, Maria Ruxandra"]
[Result "1/2-1/2"]
[WhiteElo "1967"]
[BlackElo "2024"]
[PlyCount "129"]
[EventDate "2014.11.08"]
[EventType "team-tourn"]
[EventRounds "7"]
[EventCountry "ROU"]
[SourceTitle "EXT 2015"]
[Source "ChessBase"]
[SourceDate "2014.11.20"]
[SourceVersion "1"]
[SourceVersionDate "2014.11.20"]
[SourceQuality "1"]
[WhiteTeam "Bucharest CC Central (W)"]
[BlackTeam "Bucharest Apa Nova (W)"]
[WhiteTeamCountry "ROU"]
[BlackTeamCountry "ROU"]

1. e4 c5 2. Nf3 e6 3. d3 Nc6 4. g3 g6 5. Bg2 Bg7 6. 0-0 Nge7 7. Nbd2 0-0 8. Nh4 d6 9. f4 Rb8 10. Nc4 b5 11. Ne3 f5 12. exf5 gxf5 13. g4 fxg4 14. Qxg4 Nd4 15. Kh1 Kh8 16. c3 Ndf5 17. Rf3 Rg8 18. Nexf5 exf5 19. Qg5 Bxc3 20. Qh5 Bf6 21. Rh3 Rg7 22. Qh6 Bd4 23. Bd2 Bb7 24. Re1 Bxg2+ 25. Nxg2 Qg8 26. Rg3 Rxg3 27. hxg3 Qg6 28. Qxg6 Nxg6 29. Bc3 Bxc3 30. bxc3 a5 31. Re6 b4 32. cxb4 cxb4 33. Rxd6 a4 34. Ra6 b3 35. axb3 axb3 36. Ra1 Ne7 37. Ne3 Nc6 38. Nc4 Nb4 39. Rd1 Rd8 40. d4 Rc8 41. Nb2 Rc3 42. d5 Rc2 43. Na4 b2 44. Nxb2 Rxb2 45. d6 Nc6 46. d7 Nd8 47. Rc1 Rd2 48. Rc5 Rxd7 49. Rxf5 Rd2 50. Kg1 Kg7 51. Ra5 Ne6 52. Ra7+ Kg8 53. f5 Nd4 54. f6 Nf3+ 55. Kf1 Ne5 56. Rg7+ Kh8 57. Re7 h6 58. Rxe5 Kh7 59. Re7+ Kg8 60. Rg7+ Kf8 61. Rh7 Rh2 62. Kg1 Rh5 63. Kg2 Kg8 64. Rg7+ Kf8 65. Rh7 1/2-1/2

[Event "ROM-chT (Women)"]
[Site "Calimanesti"]
[Date "2014.11.10"]
[Round "3.2"]
[White "Ilie, Maria Ruxandra"]
[Black "L'Ami, Alina"]
[Result "0-1"]
[WhiteElo "2024"]
[BlackElo "2393"]
[PlyCount "90"]
[EventDate "2014.11.08"]
[EventType "team-tourn"]
[EventRounds "7"]
[EventCountry "ROU"]
[SourceTitle "EXT 2015"]
[Source "ChessBase"]
[SourceDate "2014.11.20"]
[SourceVersion "1"]
[SourceVersionDate "2014.11.20"]
[SourceQuality "1"]
[WhiteTeam "Bucharest Apa Nova (W)"]
[BlackTeam "Iasi Politehnica (W)"]
[WhiteTeamCountry "ROU"]
[BlackTeamCountry "ROU"]

1. d4 Nf6 2. c4 g6 3. g3 Bg7 4. Bg2 0-0 5. Nc3 d6 6. Nf3 c6 7. 0-0 a6 8. e4 b5 9. e5 Ne8 10. Qe2 bxc4 11. Qxc4 a5 12. Re1 d5 13. Qa4 Nc7 14. Be3 Ne6 15. Rac1 Bd7 16. Qd1 Na6 17. Na4 h6 18. Qd2 Kh7 19. Nh4 f5 20. f4 Qb8 21. Nf3 Qb5 22. b3 Rfb8 23. Bf1 Qb7 24. h4 Bf8 25. h5 gxh5 26. Nh4 Ng7 27. Bxa6 Qxa6 28. Nc5 Qc8 29. Qc2 Rb6 30. a4 e6 31. Bd2 Be7 32. Kh2 Be8 33. Qd3 Bf7 34. Kh3 Ne8 35. Rb1 Nc7 36. Rec1 Qg8 37. Qf3 Be8 38. Be1 Ra7 39. Ng2 Ra8 40. Ne3 Rbb8 41. Qe2 Ra7 42. Bd2 Kh8 43. Qe1 Rba8 44. Rc2 h4 45. Qe2 Qxg3# 0-1

[Event "ROM-ch (Women)"]
[Site "Baile Olanesti"]
[Date "2013.02.21"]
[Round "6"]
[White "Ilie, Maria Ruxandra"]
[Black "Cirlig, Ioana Andreea"]
[Result "1-0"]
[WhiteElo "2003"]
[BlackElo "1777"]
[PlyCount "87"]
[EventDate "2013.02.16"]
[EventType "swiss"]
[EventRounds "9"]
[EventCountry "ROU"]
[SourceTitle "CBM 153 Extra"]
[Source "ChessBase"]
[SourceDate "2013.04.22"]
[SourceVersion "1"]
[SourceVersionDate "2013.04.22"]
[SourceQuality "1"]

1. d4 d5 2. c4 c6 3. Nf3 e6 4. e3 Nf6 5. Nc3 Nbd7 6. Bd3 dxc4 7. Bxc4 b5 8. Bd3 a6 9. 0-0 Bb7 10. Qe2 c5 11. Rd1 c4 12. Bc2 Be7 13. e4 0-0 14. e5 Nd5 15. Ne4 Nb4 16. Bb1 Qc7 17. Nfg5 h6 18. Nh3 Qc6 19. Qg4 f5 20. exf6 Nxf6 21. Nxf6+ Rxf6 22. a3 Nd5 23. Be4 Qd7 24. Qe2 Bd6 25. f4 Re8 26. g3 Rc8 27. Bd2 c3 28. bxc3 Nxc3 29. Bxc3 Rxc3 30. Nf2 Rxa3 31. Bxb7 Rxa1 32. Rxa1 Qxb7 33. Ne4 Qd5 34. Nxf6+ gxf6 35. Qd3 f5 36. Qc3 Qb7 37. Qb3 Qe4 38. Rxa6 Qxd4+ 39. Kg2 Kf7 40. Qxb5 Qe4+ 41. Kh3 Be7 42. Ra7 Qf3 43. Qa6 Qe4 44. Qd6 1-0

[Event "ROM-chT (Women)"]
[Site "Brasov"]
[Date "2011.10.11"]
[Round "4.5"]
[White "Ilie, Maria Ruxandra"]
[Black "Peptan, Corina Isabela"]
[Result "0-1"]
[WhiteElo "2005"]
[BlackElo "2421"]
[PlyCount "140"]
[EventDate "2011.10.08"]
[EventType "team-tourn"]
[EventRounds "9"]
[EventCountry "ROU"]
[SourceTitle "CBM 144 Extra"]
[Source "ChessBase"]
[SourceDate "2011.10.28"]
[SourceVersion "1"]
[SourceVersionDate "2011.10.28"]
[SourceQuality "1"]
[WhiteTeam "Bucharest Apa Nova (W)"]
[BlackTeam "Bucharest CSM (W)"]
[WhiteTeamCountry "ROU"]
[BlackTeamCountry "ROU"]

1. d4 Nf6 2. Nf3 c5 3. d5 b5 4. c4 bxc4 5. Nc3 d6 6. e4 Nbd7 7. Bxc4 g6 8. 0-0 Bg7 9. h3 0-0 10. Be3 Rb8 11. Rb1 Ne8 12. Qe2 Nc7 13. Rfd1 Nb6 14. Nd2 Nxc4 15. Nxc4 Ba6 16. Bd2 f5 17. b3 Bd4 18. Rf1 Qd7 19. Qd3 Rb4 20. Ne2 Bxc4 21. bxc4 fxe4 22. Qxe4 Rxc4 23. Qd3 Ra4 24. Bh6 Bg7 25. Bxg7 Kxg7 26. Qc3+ Kg8 27. Qb3 Rb4 28. Qa3 Nxd5 29. Rxb4 Nxb4 30. Qb3+ e6 31. Nd4 Nd5 32. Ne2 Qc6 33. Qc4 Nc7 34. Qh4 Qd7 35. Rc1 Nd5 36. Qe4 Qf7 37. Rf1 Nf6 38. Qc4 e5 39. Qc2 Nd5 40. Ng3 Nb4 41. Qd2 d5 42. a3 Nc6 43. Qe3 c4 44. Qc5 Nd4 45. Qd6 Re8 46. Re1 Nb5 47. Qc5 Nc3 48. Re3 d4 49. Rxe5 Rxe5 50. Qxe5 Qd7 51. Qb8+ Kf7 52. Qf4+ Ke6 53. Qg4+ Ke7 54. Qg5+ Kd6 55. Qf6+ Kc5 56. Qe5+ Kc6 57. Qf6+ Kb7 58. Qf3+ Qd5 59. Qf8 Nb5 60. a4 Nc7 61. Qb4+ Kc6 62. Ne2 d3 63. Nc3 d2 64. Nd1 Qd3 65. Qb2 Qe2 66. Qc2 Nd5 67. a5 Kc5 68. Kh2 Nb4 69. Qa4 c3 70. Ne3 Qxe3 0-1

[Event "ROM-chT (Women)"]
[Site "Brasov"]
[Date "2011.10.10"]
[Round "3.2"]
[White "Ilie, Maria Ruxandra"]
[Black "Padurariu, Ioana Smaranda"]
[Result "1-0"]
[WhiteElo "2005"]
[BlackElo "2211"]
[PlyCount "73"]
[EventDate "2011.10.08"]
[EventType "team-tourn"]
[EventRounds "9"]
[EventCountry "ROU"]
[SourceTitle "CBM 144 Extra"]
[Source "ChessBase"]
[SourceDate "2011.10.28"]
[SourceVersion "1"]
[SourceVersionDate "2011.10.28"]
[SourceQuality "1"]
[WhiteTeam "Bucharest Apa Nova (W)"]
[BlackTeam "Iasi Politehnica (W)"]
[WhiteTeamCountry "ROU"]
[BlackTeamCountry "ROU"]

1. d4 Nf6 2. Nf3 e6 3. c4 c5 4. d5 d6 5. Nc3 exd5 6. cxd5 g6 7. e4 Bg7 8. Bg5 0-0 9. Be2 a6 10. a4 Nbd7 11. 0-0 Re8 12. Nd2 h6 13. Bh4 Qc7 14. f4 Nh7 15. Bf2 f5 16. Qc2 Ndf8 17. Bf3 fxe4 18. Bxe4 g5 19. fxg5 Nxg5 20. Bd3 Bg4 21. Rae1 Bh5 22. Nc4 Bf7 23. Bg3 Bd4+ 24. Kh1 Rxe1 25. Rxe1 Rd8 26. Ne3 Bxe3 27. Rxe3 c4 28. Bf5 Qc5 29. Qd2 b5 30. axb5 axb5 31. h4 Ngh7 32. Bf4 b4 33. Rg3+ Kh8 34. Bxh6 Ng6 35. Bxg6 Rg8 36. Be3 Rxg6 37. Rxg6 1-0

[Event "ROM-chT (Women)"]
[Site "Baile Herculane"]
[Date "2010.09.11"]
[Round "8.53"]
[White "Ilie, Maria Ruxandra"]
[Black "Botezatu, Mirela"]
[Result "1-0"]
[WhiteElo "1994"]
[BlackElo "1812"]
[PlyCount "69"]
[EventDate "2010.09.04"]
[EventType "team-tourn"]
[EventRounds "9"]
[EventCountry "ROU"]
[SourceTitle "EXT 2021"]
[Source "ChessBase"]
[SourceDate "2020.10.23"]
[SourceVersion "1"]
[SourceVersionDate "2020.10.23"]
[SourceQuality "1"]

1. d4 g6 2. c4 Bg7 3. Nc3 d6 4. Nf3 Nf6 5. Bf4 h6 6. h3 0-0 7. e3 Nbd7 8. Be2 Nh7 9. Bh2 c6 10. 0-0 f5 11. b4 e5 12. dxe5 dxe5 13. c5 Ng5 14. Qb3+ Kh7 15. Nd2 Qf6 16. Rac1 Rd8 17. Nc4 Nf8 18. Bxe5 Qe7 19. Bxg7 Kxg7 20. Rfd1 Be6 21. Qb2 Kh7 22. Rxd8 Rxd8 23. Rd1 Rxd1+ 24. Nxd1 Nxh3+ 25. gxh3 Qh4 26. Qd4 Qxh3 27. Nd6 Bd5 28. e4 fxe4 29. Ne3 Ne6 30. Qf6 Ng5 31. Ne8 Qd7 32. Nxd5 cxd5 33. Qxg5 hxg5 34. Nf6+ Kg7 35. Nxd7 1-0

[Event "ROM-chT (Women)"]
[Site "Baile Herculane"]
[Date "2010.09.08"]
[Round "5.23"]
[White "Ilie, Maria Ruxandra"]
[Black "Foisor, Mihaela Veronica"]
[Result "0-1"]
[WhiteElo "1994"]
[BlackElo "2210"]
[PlyCount "132"]
[EventDate "2010.09.04"]
[EventType "team-tourn"]
[EventRounds "9"]
[EventCountry "ROU"]
[SourceTitle "EXT 2021"]
[Source "ChessBase"]
[SourceDate "2020.10.23"]
[SourceVersion "1"]
[SourceVersionDate "2020.10.23"]
[SourceQuality "1"]

1. d4 Nf6 2. Nf3 e6 3. c4 d5 4. Nc3 Nbd7 5. cxd5 exd5 6. Bg5 Bb4 7. e3 c5 8. Qc2 Qa5 9. Bd3 c4 10. Bf5 0-0 11. 0-0 g6 12. Bh3 Bxc3 13. bxc3 Ne4 14. Be7 Re8 15. Bb4 Qc7 16. a4 f5 17. g3 Nb8 18. Ne5 Nc6 19. Nxc6 Qxc6 20. a5 Bd7 21. Rfe1 Qc7 22. f3 Nf6 23. Re2 Kg7 24. Rae1 h5 25. Bg2 Bc6 26. Kf2 h4 27. Rg1 Rh8 28. Ree1 hxg3+ 29. hxg3 Rh2 30. Rh1 Nh5 31. f4 Rxh1 32. Rxh1 Nf6 33. Bf3 b6 34. Qa2 bxa5 35. Bxa5 Qd7 36. Qa3 Rb8 37. Bb4 Kg8 38. Qa1 Kg7 39. Qa3 Kg8 40. Qc1 Kg7 41. Qa3 Kg8 42. Ra1 a6 43. Qxa6 Ra8 44. Qxa8+ Bxa8 45. Rxa8+ Kf7 46. Bc5 Qc6 47. Ra7+ Kg8 48. Bb4 Qb6 49. Ra5 Qb7 50. Bd1 Ne4+ 51. Kg2 g5 52. Bf3 gxf4 53. Bxe4 dxe4 54. gxf4 Qg7+ 55. Kf2 Qg4 56. Ra8+ Kf7 57. Ra7+ Ke8 58. Ra8+ Kd7 59. Ra7+ Kc8 60. Bd6 Qf3+ 61. Kg1 Qxe3+ 62. Kf1 Qd3+ 63. Kg2 Qf3+ 64. Kg1 e3 65. Rc7+ Kd8 66. Re7 e2 0-1

[Event "Eforie Nord op 2nd"]
[Site "Eforie Nord"]
[Date "2010.06.24"]
[Round "8"]
[White "Nevednichy, Boris M"]
[Black "Ilie, Maria Ruxandra"]
[Result "1-0"]
[WhiteElo "2268"]
[BlackElo "1983"]
[PlyCount "87"]
[EventDate "2010.06.18"]
[EventType "swiss"]
[EventRounds "11"]
[EventCountry "ROU"]
[SourceTitle "CBM 137 Extra"]
[Source "ChessBase"]
[SourceDate "2010.09.01"]
[SourceVersion "1"]
[SourceVersionDate "2010.09.01"]
[SourceQuality "1"]

1. e4 c5 2. Nf3 e6 3. d3 d5 4. Nbd2 Nc6 5. g3 g6 6. Bg2 Bg7 7. 0-0 Nge7 8. Re1 0-0 9. c3 b5 10. e5 Qc7 11. Qe2 a5 12. a4 b4 13. c4 Nf5 14. Nb3 Rb8 15. g4 dxc4 16. gxf5 cxb3 17. f6 Bh8 18. Qe4 Rd8 19. Be3 Nd4 20. Bxd4 Bb7 21. Qe3 cxd4 22. Nxd4 Bxg2 23. Kxg2 Qb7+ 24. Nf3 Rbc8 25. d4 Rc4 26. Qe4 Qd7 27. Rac1 Rc2 28. Rxc2 bxc2 29. Qxc2 Rc8 30. Qd2 Qxa4 31. Qh6 Qc6 32. Kg3 Bxf6 33. exf6 Qd6+ 34. Re5 Qf8 35. Qxf8+ Rxf8 36. Rxa5 h6 37. h4 Rb8 38. Ra7 Rd8 39. Rb7 Rd5 40. Rb8+ Kh7 41. Rf8 Rd7 42. Ne5 Rxd4 43. Rxf7+ Kg8 44. Rg7+ 1-0

[Event "ROM-ch U18 Girls"]
[Site "Voineasa"]
[Date "2010.04.08"]
[Round "1"]
[White "Ilie, Maria Ruxandra"]
[Black "Lolici, Iselin Amanda"]
[Result "0-1"]
[WhiteElo "1977"]
[BlackElo "1987"]
[PlyCount "90"]
[EventDate "2010.04.08"]
[EventType "tourn"]
[EventRounds "7"]
[EventCountry "ROU"]
[SourceTitle "EXT 2020"]
[Source "ChessBase"]
[SourceDate "2019.10.17"]
[SourceVersion "1"]
[SourceVersionDate "2019.10.17"]
[SourceQuality "1"]

1. d4 g6 2. Nf3 Bg7 3. c4 d6 4. Nc3 Nd7 5. Bf4 e5 6. Bg5 f6 7. Bd2 Ne7 8. e3 0-0 9. Be2 h6 10. h4 f5 11. Qb3 c6 12. 0-0-0 e4 13. Ng1 Nf6 14. f3 d5 15. Nh3 Be6 16. cxd5 cxd5 17. fxe4 fxe4 18. Nf4 Bf7 19. g4 Qd6 20. Rdg1 Nd7 21. Kb1 Nb6 22. Nb5 Qd7 23. Bb4 Nc4 24. Na3 Rfc8 25. Nxc4 dxc4 26. Qc2 a5 27. Be1 Qc6 28. Bf1 Nd5 29. Nxd5 Bxd5 30. Bg3 b5 31. Bh3 Rf8 32. Bg2 b4 33. Rf1 a4 34. Rxf8+ Bxf8 35. Qe2 b3 36. Be1 a3 37. axb3 cxb3 38. Bc3 Qa4 39. Qd2 axb2 40. Bxb2 Qa2+ 41. Kc1 Rc8+ 42. Kd1 Rc2 43. Qxc2 bxc2+ 44. Kxc2 Qb3+ 45. Kc1 Qxe3+ 0-1

[Event "ROM-ch (Women)"]
[Site "Baile Olanesti"]
[Date "2010.02.07"]
[Round "9"]
[White "Ilie, Maria Ruxandra"]
[Black "Bogdan, Elizaveta"]
[Result "0-1"]
[WhiteElo "2006"]
[BlackElo "1952"]
[PlyCount "86"]
[EventDate "2010.01.31"]
[EventType "swiss"]
[EventRounds "9"]
[EventCountry "ROU"]
[SourceTitle "CBM 134 Extra"]
[Source "ChessBase"]
[SourceDate "2010.03.03"]
[SourceVersion "1"]
[SourceVersionDate "2010.03.03"]
[SourceQuality "1"]

1. d4 f5 2. c4 Nf6 3. Nc3 g6 4. Qc2 Bg7 5. Nf3 0-0 6. Bg5 d6 7. e4 c6 8. Bd3 fxe4 9. Nxe4 Qe8 10. 0-0 Nxe4 11. Bxe4 Bg4 12. Rae1 e5 13. dxe5 dxe5 14. b4 Nd7 15. Nd2 Bf5 16. c5 Nf6 17. Bxf5 gxf5 18. Qxf5 Nd5 19. Qg4 Qg6 20. Re4 Rf4 21. Rxf4 Nxf4 22. h3 h5 23. Qh4 Bf6 24. Nf3 Rf8 25. g3 Bxg5 26. Nxg5 Ne2+ 27. Kh2 Nd4 28. Kg2 Rf4 29. g4 hxg4 30. hxg4 Nf3 31. Nxf3 Rxg4+ 32. Qg3 Rxg3+ 33. fxg3 Qc2+ 34. Rf2 Qc3 35. Re2 e4 36. Ng5 e3 37. Ne4 Qxb4 38. Kf3 Qa3 39. g4 b6 40. cxb6 axb6 41. g5 c5 42. Kf4 c4 43. Kf5 Qd3 0-1